أساسيات البحث العلمي في العلوم الإقتصادية و المالية و الإدارية مع عرض لبحوث متقدمة في المحاسبة / (رقم التسجيلة. 52887)

تفاصيل مارك
000 -LEADER
fixed length control field 00666nam a22001817a 4500
005 - DATE AND TIME OF LATEST TRANSACTION
control field 20251108170942.0
008 - FIXED-LENGTH DATA ELEMENTS--GENERAL INFORMATION
fixed length control field 250721s1999 xx 000 0 ara d
082 14 - DEWEY DECIMAL CLASSIFICATION NUMBER
Classification number 650.072/أسا
100 1# - MAIN ENTRY--PERSONAL NAME
Personal name جمعة، أحمد حلمي
245 10 - TITLE STATEMENT
Title أساسيات البحث العلمي في العلوم الإقتصادية و المالية و الإدارية مع عرض لبحوث متقدمة في المحاسبة /
264 1# - PRODUCTION, PUBLICATION, DISTRIBUTION, MANUFACTURE, AND COPYRIGHT NOTICE
Place of production, publication, distribution, manufacture عمان :
Name of producer, publisher, distributor, manufacturer دار صفاء للنشر و التوزيع،
Date of production, publication, distribution, manufacture, or copyright notice 1999.
300 ## - PHYSICAL DESCRIPTION
Extent 277ص
650 17 - SUBJECT ADDED ENTRY--TOPICAL TERM
Topical term or geographic name as entry element البحث
650 17 - SUBJECT ADDED ENTRY--TOPICAL TERM
Topical term or geographic name as entry element البحث العلمي
650 17 - SUBJECT ADDED ENTRY--TOPICAL TERM
Topical term or geographic name as entry element إدارة الأعمال
942 ## - ADDED ENTRY ELEMENTS (KOHA)
Source of classification or shelving scheme Dewey Decimal Classification
Koha item type كتب
المقتنيات
حالة السحب حالة الفقدان مصدر التصنيف حالة التلف غير قابل للإعارة المكتبة الرئيسية المكتبة الحالية موقع الرف تاريخ التزويد الرقم المتسلسل Total Checkouts رقم الإستدعاء تاريخ آخر ظهور تاريخ الفاتورة نوع المادة (كوها) الباركود
    Dewey Decimal Classification Unchecked   مكتبة أم قصير والمقابلين العامة مكتبة أم قصير والمقابلين العامة الإعارة 06/07/2004 5781   650.072/أسا 28/07/2025 06/07/2004 كتب  
    Dewey Decimal Classification     مكتبة حمزة العامة مكتبة حمزة العامة الإعارة 26/11/2015 [6946]..   650.072/أسا 28/07/2025 26/11/2015 كتب PLD00367142
    Dewey Decimal Classification     مكتبة صويلح العامة مكتبة صويلح العامة الإعارة 19/06/2019 {14658}   650.072/أسا 28/07/2025 19/06/2019 كتب PLD00454534
Implemented & Customized by: BBB with SCIT (Smart Chains for Information Technology)

Powered by Koha